[Event "Kurnosov Memorial Rapid 2018"]
[Site "Chelyabinsk"]
[Date "2018.09.07"]
[Round "1"]
[White "Artemiev, Vladislav"]
[Black "Menshikov, Alexander"]
[Result "1-0"]
[WhiteElo "2733"]
[BlackElo "2043"]
[Annotator "TA"]
[PlyCount "78"]
[EventDate "2018.09.07"]
[EventType "swiss"]
[EventCountry "RUS"]
[SourceTitle "playchess.com"]
[Source "ChessBase"]
[SourceQuality "1"]

{[%evp 20,78,16,0,54,36,38,38,54,26,43,0,25,37,37,7,16,0,0,0,0,-9,0,-27,-23,-41,-33,-37,-38,-37,-37,-39,-30,-21,53,49,77,78,72,74,74,74,88,0,0,0,0,0,112,105,116,50,54,42,54,58,60,8,10,-5206,-5157]} 1. d4 Nf6 2. c4 g6 3. Nf3 Bg7 4. g3 O-O 5. Bg2 d5 6. cxd5 Nxd5 7. O-O Nc6 8. e4 Nb6 9. d5 Na5 10. Nc3 c6 11. Re1 {LiveBook: 52 Games} e6 {D76: Fianchetto Grünfeld: Main Line with 7...Nb6} ({Better is} 11... cxd5 $11 12. exd5 Nac4) (11... Re8 12. Bf4 cxd5 13. Nxd5 e5 14. Bd2 Nxd5 15. exd5 Nc4 16. Bc3 Bg4 17. Qb3 Bxf3 18. Qxc4 Bxg2 19. Kxg2 Qd7 {½-½ (57) Fressinet,L (2696)-Cheparinov,I (2650) Bastia 2011}) 12. d6 $146 {And now e5 would win.} ({Predecessor:} 12. Bg5 f6 13. Bf4 cxd5 14. exd5 e5 15. Be3 Nac4 16. Bc5 Re8 17. Nd2 Nxd2 18. Qxd2 f5 19. Nb5 {½-½ (32) Appel,R (2544)-Viterbo Ferreira,J (2324) Vila Nova de Gaia 2010}) 12... e5 $1 13. b3 Bg4 {White is slightly better.} 14. Ba3 Nd7 15. Qd3 c5 16. Nd5 Nc6 17. h3 Bxf3 18. Bxf3 Nd4 19. Bg2 a5 20. Nc7 Rc8 21. Qc4 b6 22. Nd5 {Hoping for Ne7+.} Kh8 23. Ne7 Ra8 24. Bb2 Nf6 25. Bxd4 $1 cxd4 26. Qc6 Ng8 (26... Ne8 $11) 27. Nd5 Rb8 28. Rac1 Nf6 29. h4 $36 {[%mdl 2048] White has strong initiative.} Nd7 30. Bh3 Nc5 31. Rxc5 (31. Rcd1 $16) 31... bxc5 $11 32. Qxc5 f5 33. exf5 gxf5 {[#]} (33... Rc8 $1 $11 {remains equal.} 34. Nc7 gxf5 35. Rxe5 Bxe5 36. Qxe5+ Qf6) 34. Ne7 $1 $16 f4 {[#]} 35. Rxe5 (35. gxf4 $1 $16 exf4 36. Qd5) 35... fxg3 $14 36. fxg3 {Black must now prevent Rh5.} Rb5 $1 {[%cal Rb5c5]} 37. Qxb5 Qxd6 38. Nc6 (38. Rg5 $1 $14 Qxe7 39. Bg2) 38... d3 $11 {Threatens to win with ...d2.} 39. Rf5 $2 {[%mdl 8192]} (39. Bg4 $11 d2 40. Kg2 Bxe5 41. Qxe5+ Rf6 42. Qxd6 Rxd6 43. Nxa5) 39... Qxg3+ {[%mdl 32768] Precision: White = 63%, Black = 64%. . Loss on Time!?} ({Less strong is} 39... d2 40. Rxf8+ Bxf8 41. Bg4 $11) 1-0

[Event "Kurnosov Memorial Rapid 2018"]
[Site "Chelyabinsk"]
[Date "2018.09.07"]
[Round "1"]
[White "Riazantsev, Alexander"]
[Black "Kharitonov, Egor"]
[Result "1-0"]
[WhiteElo "2687"]
[BlackElo "2021"]
[Annotator "TA"]
[PlyCount "57"]
[EventDate "2018.09.07"]
[EventType "swiss"]
[EventCountry "RUS"]
[SourceTitle "playchess.com"]
[Source "ChessBase"]
[SourceQuality "1"]

{[%evp 18,57,30,12,40,34,43,36,40,17,31,0,43,25,121,101,107,108,577,568,584,332,708,690,860,856,808,708,29988,29989,29989,29990,29990,29991,29991,29992,29992,29992,29996,29996,29996,29997]} 1. d4 d5 2. c4 c6 3. Nc3 e6 4. e3 Nf6 5. Bd3 Nbd7 6. b3 {D31: Damengambit (Halbslawisch)} Bd6 7. f4 b6 8. Nf3 Bb7 9. O-O O-O 10. Bb2 {LiveBook: 5 Partien} Re8 $146 ({Vorgänger:} 10... c5 11. cxd5 exd5 12. Ne5 cxd4 13. exd4 Ne4 {0-1 (37) Navara,D (2734)-Ding,L (2766) Huaian 2016}) 11. Ne5 Nf8 12. Qe2 c5 13. cxd5 exd5 14. Rad1 Qe7 15. g4 Ne4 (15... cxd4 $11 {hält das Gleichgewicht.} 16. exd4 Ne6) 16. Nxe4 $16 dxe4 17. Bc4 $36 {[%mdl 2048] Läuft bei Weiss.} Ne6 $2 {[%mdl 8192] [#]} (17... Bxe5 $16 {ist zäher.} 18. dxe5 (18. fxe5 Ne6 $14) 18... Ne6) 18. Nxf7 $1 $18 {[%mdl 512]} Qxf7 19. dxc5 Bxc5 $2 (19... b5 20. Bxe6 (20. cxd6 bxc4 21. f5 Ng5 $15) (20. Bxb5 Bxc5 21. Bc4 Bc8 $18) 20... Rxe6) 20. f5 {[%cal Bf4f5,Bf5e6][%mdl 32]} Kh8 21. fxe6 Qg6 22. Rf7 Bc8 23. Rxg7 {Weiß setzt Matt.} Qxg7 24. Bxg7+ Kxg7 25. Qb2+ Kg6 26. Qe5 Bxe3+ 27. Kg2 Bb7 28. Qf5+ Kg7 29. Rd7+ {Precision: Weiß = 53%, Schwarz = 14%.} 1-0

[Event "Kurnosov Memorial Rapid 2018"]
[Site "Chelyabinsk"]
[Date "2018.09.07"]
[Round "1"]
[White "Oparin, Grigoriy"]
[Black "Sazonova, Anastasia"]
[Result "1-0"]
[WhiteElo "2665"]
[BlackElo "2005"]
[Annotator "RC"]
[PlyCount "65"]
[EventDate "2018.09.07"]
[EventType "swiss"]
[EventCountry "RUS"]
[SourceTitle "playchess.com"]
[Source "ChessBase"]
[SourceQuality "1"]
[TimeControl "900+10"]

1. c4 c6 2. Nf3 d5 3. e3 Nf6 4. Nc3 Bg4 5. cxd5 cxd5 6. Qb3 Bc8 7. Ne5 Nc6 8. d4 e6 9. Bb5 Qc7 10. Bd2 Bd6 11. f4 a6 12. Bd3 O-O 13. Rc1 Na5 14. Qc2 Nc4 15. Ne2 b5 16. b3 Nxd2 17. Qxc7 Bxc7 18. Rxc7 Nde4 19. Ng3 b4 20. Bxe4 Nxe4 21. Nxe4 dxe4 22. Kd2 a5 23. Rhc1 Ba6 24. g4 f6 25. Nd7 Rf7 26. Nb6 Rb8 27. Rxf7 Kxf7 28. Rc7+ Kg8 29. Nd7 Rd8 30. Nc5 Bb5 31. Nxe6 Re8 32. Nxg7 Ra8 33. Nh5 1-0

[Event "Kurnosov Memorial Rapid 2018"]
[Site "Chelyabinsk"]
[Date "2018.09.07"]
[Round "1"]
[White "Pridorozhni, Aleksei"]
[Black "Vysotsky, Ivan"]
[Result "1-0"]
[WhiteElo "2659"]
[BlackElo "1976"]
[Annotator "TA"]
[PlyCount "69"]
[EventDate "2018.09.07"]
[EventType "swiss"]
[EventCountry "RUS"]
[SourceTitle "playchess.com"]
[Source "ChessBase"]
[SourceQuality "1"]

{[%evp 12,69,34,8,8,-14,-26,-25,0,-16,5,-4,28,15,30,0,0,9,4,-56,-11,-26,-46,-109,0,0,0,0,0,0,0,0,44,-20,-10,-41,-32,-33,133,115,203,194,470,435,441,430,284,108,135,83,235,228,231,231,245,206,282,278,343,314]} 1. e4 c5 2. Nc3 a6 3. Nf3 d6 4. d4 cxd4 5. Nxd4 Nf6 6. Rg1 h5 {B90: Sizilianisch (Najdorf-Variante, Abweichungen)} 7. h3 {LiveBook: 3 Partien} g6 $146 ({Vorgänger:} 7... Nc6 8. Be3 Bd7 9. g4 hxg4 10. hxg4 Nxd4 11. Bxd4 e5 12. Be3 Rc8 13. f3 Rh2 14. Rg2 {½-½ (87) Artemiev,V (2691)-Korobov,A (2652) Huaian 2017}) 8. g4 hxg4 {Die Stellung ist ausgeglichen.} 9. hxg4 Bg7 10. g5 Nfd7 11. Be3 b5 12. Qd2 Bb7 13. f3 Nb6 14. O-O-O N8d7 15. Bd3 (15. Nb3 $11) 15... Qc7 16. Kb1 Ne5 17. b3 (17. f4 $15 Nec4 18. Qf2) 17... b4 (17... Rc8 $17 18. Nce2 Nbc4 $1 {[%mdl 512]} 19. Bxc4 bxc4) 18. Nce2 $11 Nxd3 19. cxd3 a5 20. Rh1 Rxh1 21. Rxh1 Ba6 22. Nc2 (22. Rh7 $14 Bxd4 23. Bxd4 (23. Nxd4 Rc8 $11)) 22... Nd7 23. Bd4 Bxd4 24. Ncxd4 Nb6 $2 {[#]} (24... Qa7 $15 {bleibt weiter vorne.}) 25. f4 $1 $16 {[%cal Bf3f4,Bf4f5][%mdl 32]} Qb7 {[#]} (25... Nd7 $16 {war nötig.}) 26. f5 $1 $18 {[%cal Rf5g6]} O-O-O $2 (26... gxf5 27. Nxf5 Nd7 28. Rh8+ Nf8) 27. Rc1+ Kd7 28. fxg6 fxg6 29. Nc6 $2 (29. Qe3 $18 Rh8 30. Qf3) 29... Rc8 $16 30. Nxa5 (30. Ned4 $142 {Und De3 würde nun gewinnen.} Ke8 31. Nxa5 Rxc1+ 32. Kxc1 Qc8+ 33. Kb2) 30... Rxc1+ $2 (30... Qa7 $16) 31. Nxc1 $18 Qc7 32. Qxb4 Ke8 33. Nc4 Nxc4 34. bxc4 {Schwarz muss nun Da4+ beachten.} ({Weniger gut wäre} 34. dxc4 Bb7 $16) 34... Kf7 35. a4 {Precision: Weiß = 41%, Schwarz = 37%.} 1-0

[Event "Kurnosov Memorial Rapid 2018"]
[Site "Chelyabinsk"]
[Date "2018.09.07"]
[Round "1"]
[White "Yudin, Sergei"]
[Black "Rezvy, Lev"]
[Result "1/2-1/2"]
[WhiteElo "2641"]
[BlackElo "1970"]
[Annotator "TA"]
[PlyCount "126"]
[EventDate "2018.09.07"]
[EventType "swiss"]
[EventCountry "RUS"]
[SourceTitle "playchess.com"]
[Source "ChessBase"]
[SourceQuality "1"]

{[%evp 22,126,40,24,20,0,24,24,53,47,50,48,50,50,50,52,86,83,110,87,93,95,94,80,78,83,89,70,71,32,31,31,54,0,6,0,0,-12,-18,-21,-13,-79,-14,-13,-22,-38,-35,-35,-34,-43,-42,-47,-47,-65,-3,-2,-4,-4,0,-4,-5,-7,0,-7,0,0,0,0,6,6,8,8,8,8,16,8,26,13,26,18,24,1,4,0,0,0,0,0,0,0,0,0,0,0,0,0,0,-8,0,0,0,0,0,0,0,0,0]} 1. e4 e6 2. d4 d5 3. Nd2 c5 4. Ngf3 Nc6 5. exd5 exd5 6. Bb5 Bd6 7. O-O Nge7 8. dxc5 Bxc5 9. Nb3 Bb6 10. c3 O-O 11. Re1 Bg4 12. Be2 {LiveBook: 7 Partien. C09: Französische Verteidigung (Tarrasch-Variante)} (12. h3 Bh5 13. Be3 Bc7 14. Bc5 Re8 15. Be2 Ng6 16. Nfd4 Bxe2 17. Rxe2 Qg5 18. Rxe8+ Rxe8 19. Qg4 Qe5 {½-½ (61) Potkin,V (2574)-Morozevich,A (2676) Sochi 2017}) 12... Qd7 13. h3 $146 ({Vorgänger:} 13. Bg5 Rfe8 14. Qd2 Ng6 15. Rad1 h6 16. Be3 Bxe3 17. fxe3 Rad8 18. Nbd4 Qe7 19. Bb5 Qc5 {0-1 (41) Vujacic,B (2315)-Savic,D (2170) Belgrade 2009}) 13... Bf5 14. Bd3 {Weiß hat minimalen Vorteil.} Rad8 15. Be3 Bxe3 16. Rxe3 Bxd3 17. Qxd3 b6 18. Rd1 Qf5 19. Qe2 Ng6 20. Nbd4 Nxd4 21. Nxd4 ({Natürlich nicht} 21. cxd4 $6 Nf4 $11) 21... Qd7 22. Qg4 Qxg4 23. hxg4 Rfe8 24. Rxe8+ Rxe8 $16 {[%mdl 4096] Endspiel KTS-KTS} 25. Nc6 Ne5 26. Nxa7 Nxg4 27. g3 ({Besser ist} 27. f3 $14 Nf6 28. Rd4) 27... Nf6 28. Nb5 Re2 29. Rb1 Ne4 30. Nc7 Rd2 31. Re1 (31. Na8 $11) 31... Rxb2 (31... f5 $17) 32. Nxd5 $11 f5 33. Ne7+ Kf7 34. Nxf5 Nxf2 35. Nd6+ Kg6 36. Re6+ Kh5 37. Re7 Rxa2 (37... g5 $15) 38. Rxg7 Nh3+ 39. Kf1 {[#] Droht Matt per g4+.} Ng5 40. Nb5 Kg4 41. Nd4 Kh5 42. Ne2 Kh6 43. Rb7 Rb2 44. Kf2 Ne4+ 45. Ke3 Nc5 46. Rc7 Rb3 47. Kf3 Na4 48. Kg4 Rb5 49. Rc6+ Kg7 50. Nd4 Rd5 51. Nf5+ Kf7 {Die Stellung ist ausgeglichen.} 52. Kg5 Rc5 53. Rf6+ Ke8 54. c4 Kd7 55. Rh6 Rxc4 56. Rxh7+ Kc6 57. Rh8 b5 58. Rc8+ Kd7 59. Rb8 b4 60. Ne3 Rc3 61. Rxb4 Rxe3 62. Rxa4 {Droht stark g4.} Rxg3+ 63. Rg4 Rxg4+ {Precision: Weiß = 61%, Schwarz = 54%.} 1/2-1/2

[Event "Kurnosov Memorial Rapid 2018"]
[Site "Chelyabinsk"]
[Date "2018.09.07"]
[Round "1"]
[White "Ginosyan, Razmik"]
[Black "Andreikin, Dmitry"]
[Result "0-1"]
[WhiteElo "2043"]
[BlackElo "2731"]
[Annotator "TA"]
[PlyCount "44"]
[EventDate "2018.09.07"]
[EventType "swiss"]
[EventCountry "RUS"]
[SourceTitle "playchess.com"]
[Source "ChessBase"]
[SourceQuality "1"]

{[%evp 12,44,27,11,19,9,14,11,18,-1,15,0,33,-41,-50,-55,-62,-49,-58,-60,-59,-95,-106,-92,-99,-204,-194,-432,-429,-443,-430,-408,-417,-563,-563]} 1. d4 Nf6 2. c4 e6 3. Nf3 b6 4. g3 Bb7 5. Bg2 g6 6. O-O Bg7 7. Nc3 Ne4 {E16: Queen's Indian: 4 g3 Bb7 5 Bg2 Bb4+} 8. Qd3 Nxc3 9. Qxc3 O-O {The position is equal.} 10. b4 Be4 11. Bb2 $146 ({Predecessor:} 11. Bg5 Qe8 12. Qe3 f5 13. Bh6 Bxh6 14. Qxh6 {½-½ (44) Yankelevich,L (2260)-David,A (2605) Luxembourg 2014}) 11... Qc8 12. Nd2 ({Better is} 12. Qe3 $14 Qb7 13. Rfc1) 12... Bxg2 $15 13. Kxg2 c5 $1 14. bxc5 bxc5 {[#] ...Qb7+ is the strong threat.} 15. e3 Nc6 16. Nb3 cxd4 17. exd4 a5 {[%cal Ba7a5,Ba5a4][%mdl 32]} 18. Rfd1 {[#]} (18. Rab1 $17) 18... a4 $1 $19 {[%cal Ra4b3]} 19. Nc1 $2 (19. Nd2 {might work better.}) 19... Nxd4 20. Rxd4 a3 21. Bxa3 Qb7+ 22. f3 Rxa3 {Precision: White = 23%, Black = 76%.} 0-1

[Event "Kurnosov Memorial Rapid 2018"]
[Site "Chelyabinsk"]
[Date "2018.09.07"]
[Round "1"]
[White "Mukhina, Jana"]
[Black "Chigaev, Maksim"]
[Result "0-1"]
[WhiteElo "2015"]
[BlackElo "2573"]
[Annotator "TA"]
[PlyCount "88"]
[EventDate "2018.09.07"]
[EventType "swiss"]
[EventCountry "RUS"]
[SourceTitle "playchess.com"]
[Source "ChessBase"]
[SourceQuality "1"]

{[%evp 14,88,12,9,14,9,24,0,0,0,27,-16,-8,-9,-12,-21,-12,-25,9,-50,-39,-42,-39,-46,-37,-49,-39,-43,-23,-56,-31,-70,-42,-36,-24,-35,8,-39,-37,-55,-55,-62,-63,-64,-66,-88,-91,-92,-106,-212,-110,-120,-117,-114,-118,-122,-124,-121,-114,-134,-114,-186,-183,-168,-186,-303,-283,-343,-335,-434,-441,-428,-435,-504,-378,-637,-630]} 1. e4 c5 2. Nf3 e6 3. b3 Nc6 4. Bb2 d6 5. g3 Nf6 6. d3 {B50: Sicilian: 2...d6, Miscellaneous} Be7 7. Bg2 O-O 8. O-O {LiveBook: 10 Games. The position is equal.} e5 9. Re1 $146 ({Predecessor:} 9. c3 d5 10. Nbd2 Re8 11. Re1 d4 12. c4 g6 13. Rf1 {1-0 (35) Bergez,L (2370)-De Haan,E (2242) Belgium 2001}) 9... Re8 10. Na3 Bf8 11. Nc4 h6 12. h3 Be6 13. Kh2 g6 14. c3 Bg7 15. Ne3 d5 16. Qc2 (16. exd5 $11 Nxd5 17. Nxd5 Bxd5 18. c4 Bxf3 19. Bxf3) 16... d4 $15 17. Nc4 Qb8 18. cxd4 cxd4 19. Ba3 Bf8 20. Bxf8 Rxf8 21. Qc1 Kg7 22. Qa3 Bxc4 (22... Nd7 {seems wilder.} 23. Na5 Nd8 24. Rec1 b6 25. Nc4 a5) 23. bxc4 Qc7 24. Rab1 Rab8 25. Re2 b6 26. Reb2 Nd7 27. Qa4 Nc5 28. Qc2 Qc8 29. Re1 Qa6 30. Rb5 Qa3 31. Bf1 {[#]} (31. Rd1 $17) 31... Nb4 ({Black should try} 31... f5 $1 $19 {[%cal Rf5e4] Hoping for ...fxe4.} 32. exf5 Rxf5) 32. Qb1 $17 Nbxd3 33. Bxd3 Qxd3 34. Nxe5 Qxb1 35. Rbxb1 Rbc8 $36 {[%mdl 2048] White is under strong pressure.} 36. Rbd1 Rfd8 37. f4 (37. Nf3 $17) 37... d3 $19 38. Re3 {[%cal Re5d3]} Rd4 39. Rd2 (39. Kg2 {was worth a try.}) 39... Rcd8 40. Kg1 R8d6 ({Less strong is} 40... Rxe4 41. Rxe4 Nxe4 42. Rxd3 $17) 41. h4 f6 42. Nf3 Rxe4 43. Kf2 Rxc4 44. Re7+ $2 {[#]} (44. Kg2) 44... Kf8 {Precision: White = 23%, Black = 61%.} 0-1

[Event "Kurnosov Memorial Rapid 2018"]
[Site "Chelyabinsk"]
[Date "2018.09.07"]
[Round "1"]
[White "Safin, Timur"]
[Black "Kokarev, Dmitry"]
[Result "0-1"]
[WhiteElo "1987"]
[BlackElo "2663"]
[Annotator "TA"]
[PlyCount "68"]
[EventDate "2018.09.07"]
[EventType "swiss"]
[EventCountry "RUS"]
[SourceTitle "playchess.com"]
[Source "ChessBase"]
[SourceQuality "1"]

{[%evp 14,68,-77,-87,-4,-21,-16,-18,-13,-7,-27,-23,-17,-37,-22,-20,13,8,12,-556,-553,-545,-546,-523,-447,-524,-407,-392,-399,-400,-401,-403,-402,-494,-506,-507,-499,-500,-468,-500,-500,-499,-446,-566,-574,-788,-800,-779,-748,-646,-672,-965,-951,-2002,-1945,-1827,-1460]} 1. e4 {[%cal Be2e4,Be4e5][%mdl 32]} c5 2. c3 Nf6 3. e5 Nd5 4. d4 cxd4 5. Nf3 d6 6. Qxd4 e6 7. Bg5 dxe5 {B22: Sizilianisch (Alapin 2.c3)} 8. Bb5+ {LiveBook: 3 Partien} ({Aber nicht} 8. Qxe5 $2 f6 $19) 8... Bd7 ({Günstiger ist} 8... Nc6 $17 9. Bxd8 exd4) (8... Nc6 9. Qa4 Qc7 10. c4 Nb6 11. Qc2 Bd7 12. O-O f5 13. Nc3 e4 14. Rfe1 Be7 15. Bxe7 Nxe7 {1-0 (29) Sevillano,E (2528)-Liu,E (2356) Los Angeles 2009}) 9. Qxe5 $11 Qb6 {Die Stellung ist ausgeglichen.} 10. Bxd7+ Nxd7 11. Qe2 h6 12. Bc1 g5 $146 ({Vorgänger:} 12... Rd8 13. O-O Be7 14. Nbd2 O-O {½-½ (43) Pcola,P (2415)-Gazik,I (2380) Slovakia 1996}) 13. Nbd2 Nf4 $36 {[%cal Bd5f4,Bf4g2,Bg2e3][%mdl 2080] Schwarz hat gut koordiniertes Spiel.} 14. Nc4 Nxg2+ 15. Kf1 Qc6 16. Nce5 $2 {[%mdl 8192]} ({Viel schwächer wäre} 16. Kxg2 g4 $17) (16. Rg1 $1 $11 {und Weiss muss sich keine Sorgen machen.} Nf4 17. Bxf4 gxf4 18. Rd1) 16... Nxe5 $19 17. Nxe5 {[#]} Ne3+ $1 {[%mdl 512]} 18. Qxe3 (18. Bxe3 Qxh1#) 18... Qxh1+ 19. Ke2 Bg7 {Droht stark ...Td8.} 20. Qf3 Qxf3+ 21. Nxf3 g4 22. Nd4 Be5 23. f4 Bxd4 {Schwarz steht klar auf Gewinn.} 24. cxd4 {[%mdl 4096] Endspiel KTT-KTL} Rc8 25. Kd3 Kd7 26. Bd2 h5 {[%cal Bh6h5,Bh5h4,Bh4g3,Bg3g2][%mdl 32]} 27. Bc3 Rhg8 28. Ke4 h4 29. Ke5 g3 30. hxg3 hxg3 31. Rg1 g2 32. Kf6 Rg4 33. f5 Rh8 {[#] ( -> ...Th5)} 34. d5 exd5 {Precision: Weiß = 42%, Schwarz = 50%.} 0-1

[Event "Kurnosov Memorial Rapid 2018"]
[Site "Chelyabinsk"]
[Date "2018.09.07"]
[Round "1"]
[White "Pauli, Stanislav"]
[Black "Lysyj, Igor"]
[Result "0-1"]
[WhiteElo "1973"]
[BlackElo "2644"]
[Annotator "TA"]
[PlyCount "122"]
[EventDate "2018.09.07"]
[EventType "swiss"]
[EventCountry "RUS"]
[SourceTitle "playchess.com"]
[Source "ChessBase"]
[SourceQuality "1"]

{[%evp 13,122,18,27,-48,-40,-37,-33,-139,-137,-145,-137,-137,-124,-125,-123,-140,-136,-113,-102,-164,-168,-157,-178,-172,-178,-178,-162,-237,-204,-197,-195,-210,-204,-209,-184,-228,-180,-182,-177,-177,-173,-171,-145,-166,-143,-158,-125,-150,-105,-206,-212,-185,-182,-229,-228,-215,-128,-132,-125,-131,-127,-333,-327,-358,-204,-328,-328,-322,-320,-286,-285,-309,-314,-263,-233,-390,-400,-380,-369,-358,-321,-771,-717,-1167,-1238,-1156,-1056,-1383,-1067,-1495,-4618,-4614,-4614,-4606,-4610,-3993,-2775,-29968,-29969,-29968,-29965,-29977,-29978,-29982,-29983,-29982,-29982,-29981,-29982,-29985,-29986]} 1. d4 e6 2. c4 b6 3. Nc3 Bb7 4. e4 Bb4 5. Qc2 Qh4 6. Bd3 Bxc3+ {A40: Verschiedene (seltene) Antworten auf 1.d4} (6... f5 7. g3 Qh5 8. Bd2 Nf6 9. f3 Nc6 10. Nb5 O-O 11. e5 a6 12. exf6 axb5 13. fxg7 Rfe8 14. Ne2 bxc4 15. Bxc4 Bxd2+ 16. Qxd2 Na5 17. Bb5 Nb3 18. Qe3 Nxa1 {0-1 (18) Vuckovic,B (2499)-Ivanisevic,I (2648) Belgrade 2014}) 7. bxc3 f5 {[%cal Rb7e4] LiveBook: 8 Partien} 8. d5 (8. g3 $1 $11 Qh5 9. f3) 8... fxe4 $15 {Schwarz steht etwas besser.} 9. Bxe4 {Sf3 ist eine echte Drohung.} Nf6 {[%cal Bg8f6,Bf6g4,Bg4e3][%mdl 32]} 10. Bf3 (10. Bd3 $15) 10... Qxc4 $17 11. dxe6 Qxe6+ 12. Be3 Bxf3 13. Nxf3 Ng4 $146 ({Vorgänger:} 13... O-O 14. c4 {½-½ (21) Guedes,S (2017)-Carvalho,C (2105) Rio de Janeiro 2001}) 14. O-O {Und Tae1 würde nun gewinnen.} Nxe3 15. fxe3 Nc6 {[%cal Bb8c6,Bc6e5,Be5c4][%mdl 32]} 16. e4 (16. Qd3 $17 {ist wohl besser.}) 16... Qc4 $19 17. Nd2 Qc5+ 18. Kh1 O-O-O 19. Qd3 Ne5 20. Qa6+ Kb8 21. Nb3 Qc4 22. Qxc4 Nxc4 23. Rf7 g6 24. Raf1 Ne5 25. Re7 Rde8 26. Rg7 Rhf8 {[%cal Rf8f1]} 27. Kg1 Rxf1+ 28. Kxf1 {[%mdl 4096] Endspiel KTS-KTS} h5 29. h3 Kb7 30. Nd4 d6 31. Nb5 (31. Ke2 $17 {war einen Versuch wert.}) 31... Rf8+ 32. Ke2 Rf7 33. Rg8 {[#]} a6 $1 {[%cal Ra6b5]} 34. Nd4 {[#]} Rf6 ({Günstiger ist} 34... Rf4 $1 $19 35. Ke3 Rf1) 35. Rg7 b5 36. Nf3 Re6 37. Nxe5 $2 (37. Ng5 $17 Rf6 38. Nf3) 37... Rxe5 $17 {KT-KT} 38. Kf3 g5 (38... Rc5 $142 39. Rxg6 Rxc3+ 40. Kf4 Ra3) 39. g4 (39. Ke3 $142) 39... h4 $19 40. Ke3 d5 41. Kd4 Rxe4+ 42. Kxd5 Rc4 43. Rxg5 Rxc3 44. Ke4 $2 (44. Rh5 Rxh3 45. Ke6) 44... Rxh3 45. Rh5 {beabsichtigt g5.} Kb6 46. g5 c5 {[%cal Bc7c5,Bc5c4][%mdl 32]} 47. Kf4 $2 (47. g6 Rg3 48. Kf5) 47... c4 48. Kg4 Rh1 49. Rh6+ Kc5 50. g6 Rg1+ 51. Kf5 c3 52. Rh8 Kb4 53. Rxh4+ Ka3 54. Rh2 b4 55. Kf6 b3 {Schwarz setzt Matt.} 56. axb3 Kxb3 57. Rh3 Kb2 58. g7 c2 59. Rh2 a5 {[%cal Ba6a5,Ba5a4,Ba4a3][%mdl 32]} 60. Kf7 a4 61. Kf8 a3 {Precision: Weiß = 40%, Schwarz = 84%.} 0-1

[Event "Kurnosov Memorial Rapid 2018"]
[Site "Chelyabinsk"]
[Date "2018.09.07"]
[Round "1"]
[White "Shnayder, Violetta"]
[Black "Bocharov, Ivan"]
[Result "0-1"]
[WhiteElo "1969"]
[BlackElo "2625"]
[Annotator "TA"]
[PlyCount "110"]
[EventDate "2018.09.07"]
[EventType "swiss"]
[EventCountry "RUS"]
[SourceTitle "playchess.com"]
[Source "ChessBase"]
[SourceQuality "1"]

{[%evp 14,110,18,16,20,3,-2,0,1,-6,1,-11,-8,-12,-10,-64,-51,-58,-54,-59,-57,-108,-105,-127,-116,-125,-122,-112,-120,-121,-96,-129,-93,-111,-98,-99,-96,-91,-39,-40,-40,-46,-34,-41,-42,-33,-28,-25,-20,-22,-27,-44,-29,-63,-62,-120,-123,-115,-55,-155,-155,-155,-155,-155,-155,-118,0,-326,0,0,0,-294,-281,-972,-996,-1013,-996,-1019,-598,-29970,-29972,-29972,-29972,-29964,-29966,-29962,-29964,-6402,-5505,-29977,-29978,-29978,-29979,-29978,-29979,-29979,-29980,-29978,-29979]} 1. Nf3 Nf6 2. c4 c6 3. d4 d5 4. e3 Bf5 5. Bd3 Bg6 6. O-O e6 7. b3 Nbd7 8. Bb2 Bd6 {D12: Damengambit (Slawische Verteidigung)} (8... Ne4 9. Qc2 Bd6 10. Nbd2 Ndf6 11. Rfd1 Nxd2 12. Nxd2 a5 13. h3 Bb4 14. f3 O-O 15. c5 Bxd3 16. Qxd3 {0-1 (60) Nikcevic,N (2436)-Sedlak,N (2518) Sibenik 2016}) 9. Ne5 Qc7 {[%cal Rd7e5]} 10. f4 Bxd3 {Die Stellung ist ausgeglichen.} 11. Qxd3 Ne4 $146 12. Nd2 Nxd2 13. Qxd2 Nf6 14. f5 (14. Qc2 $11) 14... O-O 15. fxe6 fxe6 16. Qd3 Ne4 17. Rxf8+ (17. Rf3 $15) 17... Rxf8 $17 18. Rf1 Rxf1+ 19. Qxf1 Bxe5 $1 20. dxe5 Qa5 {Und weiter mit ...Dd2 wäre nett.} 21. cxd5 Qxd5 22. h3 h6 23. Kh2 c5 24. Qb5 Kh7 25. Qe2 Qd2 ({Lieber} 25... a6 $17) 26. Qxd2 Nxd2 $15 {[%mdl 4096] Endspiel KL-KS} 27. Kg3 c4 28. bxc4 $1 Nxc4 29. Bd4 a6 30. Kf4 Kg6 31. Ke4 Na5 32. Bb6 Nc6 33. Bc7 b5 34. a3 (34. Bb6 $15) 34... Kh5 $17 35. g3 g5 (35... a5 $1 $17) 36. Kd3 (36. Bb6 $1 $15) 36... g4 $1 {[%cal Rg4h3]} 37. h4 Kg6 38. Ke4 h5 39. Bd6 Na5 (39... a5 $17) 40. Kd4 $2 {[%mdl 8192] [#]} (40. Bb4 $1 $11 Nc6 41. Bc3) 40... Nc4 $2 ({Besser ist} 40... Nb3+ $1 $19 41. Kd3 Kf5) 41. Bb4 $11 a5 42. Bd6 $2 {[%mdl 8192] [#]} (42. Be1 $11) 42... Nd2 $1 $19 43. Kc5 $2 {[#]} (43. e4 Nf1 44. Bc7) 43... b4 $1 {[%mdl 512]} 44. axb4 axb4 45. Kxb4 Ne4 46. Bc5 Nxg3 47. e4 Nxe4 48. Bd4 Nd2 49. Kc3 Nf3 50. Bf2 Kf5 51. Bg3 Ke4 {Schwarz setzt Matt.} 52. Kc2 Nxe5 53. Kd2 Ng6 54. Ke2 Nf4+ 55. Kf2 e5 {Precision: Weiß = 33%, Schwarz = 83%.} 0-1